000 00664nam a22002177a 4500
005 20251108170938.0
008 250721s1990 xx 000 0 ara d
020 _a9770229938
082 1 4 _aط/551.6
100 1 _aتانهيل، ايفان راي
245 1 0 _aالجو و تقلباته /
250 _aط. 6 . ، فريدة منقحة
264 1 _aالقاهرة :
_bدار المعارف،
_c1990.
300 _a120ص. : مص
490 0 _aكل شئ عن
_v5
650 1 7 _aالأرصاد الجوية
653 _a(سنة 18-15) ناشئون كبار
700 1 _aالفندي، جمال الدين
_eTran.
942 _2ddc
_cBK
999 _c52738
_d52738